Trade and Peace in the Middle East/ (Record no. 18676)

MARC details
000 -LEADER
fixed length control field 00744nam a22002177a 4500
003 - CONTROL NUMBER IDENTIFIER
control field BDDh-ASL
005 - DATE AND TIME OF LATEST TRANSACTION
control field 20231015025724.0
008 - FIXED-LENGTH DATA ELEMENTS--GENERAL INFORMATION
fixed length control field 201020s1984 n ||||| |||| 00| 0 eng d
040 ## - CATALOGING SOURCE
Original cataloging agency BDDh-ASL
Transcribing agency BDDh-ASL
082 ## - DEWEY DECIMAL CLASSIFICATION NUMBER
Classification number 956
Item number TRA
245 10 - TITLE STATEMENT
Title Trade and Peace in the Middle East/
Statement of responsibility, etc. Professors World Peace Academy, Pomezia, August 2-4, 1984.
260 ## - PUBLICATION, DISTRIBUTION, ETC.
Place of publication, distribution, etc. New York :
Name of publisher, distributor, etc. Professors World Peace Academy,
Date of publication, distribution, etc. 1984.
300 ## - PHYSICAL DESCRIPTION
Extent 160 p. :
Dimensions 22 cm.
504 ## - BIBLIOGRAPHY, ETC. NOTE
Bibliography, etc. note Includes bibliographical references and index.
650 #0 - SUBJECT ADDED ENTRY--TOPICAL TERM
9 (RLIN) 1529
Topical term or geographic name entry element Business
650 #0 - SUBJECT ADDED ENTRY--TOPICAL TERM
9 (RLIN) 1530
Topical term or geographic name entry element Economics
650 #0 - SUBJECT ADDED ENTRY--TOPICAL TERM
9 (RLIN) 1531
Topical term or geographic name entry element International Relations
651 #0 - SUBJECT ADDED ENTRY--GEOGRAPHIC NAME
9 (RLIN) 1532
Geographic name Middle East
General subdivision Business
-- Economics
-- International Relations
700 1# - ADDED ENTRY--PERSONAL NAME
9 (RLIN) 1533
Personal name Munro, John
942 ## - ADDED ENTRY ELEMENTS (KOHA)
Source of classification or shelving scheme Dewey Decimal Classification
Koha item type Books
Holdings
Withdrawn status Lost status Source of classification or shelving scheme Damaged status Not for loan Collection code Home library Current library Shelving location Date acquired Source of acquisition Total Checkouts Full call number Barcode Date last seen Copy number Price effective from Koha item type
    Dewey Decimal Classification     Non-fiction Asiatic Society Library Asiatic Society Library General Stacks 10/20/2020 Donated by Prof. S. M. H. Kabir   956 TRA 101885 10/20/2020 C-1 10/20/2020 Books

Powered by Koha